Normal view MARC view
  • Drug abuse

Entry Topical Term

Number of records used in: 1

001 - CONTROL NUMBER

  • control field: 5909

003 - CONTROL NUMBER IDENTIFIER

  • control field: OSt

005 - DATE AND TIME OF LATEST TRANSACTION

  • control field: 20170518090554.0

008 - FIXED-LENGTH DATA ELEMENTS

  • fixed length control field: 170518|| aca||aabn | a|a d

040 ## - CATALOGING SOURCE

  • Original cataloging agency: OSt
  • Transcribing agency: OSt

150 ## - HEADING--TOPICAL TERM

  • Topical term or geographic name entry element: Drug abuse
  • General subdivision: Prevention

670 ## - SOURCE DATA FOUND

  • Source citation: Work cat.: (OSt)0: Drug abuse and its prevention in the workplace :, (1987)
Pusat Sumber Maklumat Dato' Haji Sarmin Md Hussin, Akademi Kastam Diraja Malaysia, Melaka
Tel: 06-2331106 | Faks: 06-2313787